Le scarabée et l'océan (Record no. 14041)

MARC details
010 ## - Numéro international normalisé du livre (ISBN)
ISBN 9782846818032
Disponibilité et/ou prix 13 EUR
099 ## - Visibilité opac
notice masquée en opac Non
100 ## - Données générales de traitement
Données générales de traitement 20260319d a y0frey50 ba
101 0# - Langue de la ressource
Langue du texte, de la bande son, etc. français
102 ## - Pays de publication ou de production
Pays de publication France
200 1# - Titre et mention de responsabilité
Titre propre Le scarabée et l'océan
Indication générale du type de document
214 #0 - Mentions de production, publication, diffusion et manufacture
Nom de l’éditeur Editions Les Solitaires Intempestifs
Date de publication DL 2026
214 #3 - Mentions de production, publication, diffusion et manufacture
Nom de l’éditeur Impr. Présence graphique
215 ## - Description physique
Nombre de pages 1 vol. (88 p.)
225 1# - Collection
Titre de la collection Jeunesse
323 ## - Nombre de personnages
Texte de la note 5 personnages
330 ## - Résumé ou extrait
Texte de la note Nour a 11 ans, entre en sixième et arrive d un pays où le masculin et le féminin n existent plus. Il y a soixante ans, l Ustrilie a même adopté une « réforme de grammaire neutre ». Nour est l enfant de Tala. Tala travaille pour l Unesco et vient d obtenir une mutation en France. En franchissant les portes du collège, Nour découvre que les humains sont divisés en deux équipes, les « filles » et les « garçons ». Nour a du mal à s adapter et déclenche le rire des autres sans comprendre pourquoi. Heureusement, Nour peut parler à son ami imaginaire, un scarabée, et rencontre Eli, que tout le monde s obstine à appeler Eliott: les deux enfants se lient d une profonde amitié à l abri de laquelle on peut se confier ses secrets. Leïla Anis propose une satire de nos catégorisations de sexe et de genre. Réactivant le principe littéraire du regard étranger qui permet la critique de nos habitudes et des normes en place, cette fable malicieuse s appuie sur des recherches en sociologie et linguistique pour poser cette question sous-jacente : En quoi la division assoit-elle les inégalités ?
610 ## - Mot-clé
Mot-clé genre
-- transidentité
-- adolescence
700 ## - Auteur principal
Nom Anis
Prénom Leïla
105 ## - Zone de données codées : textes, monographies
Données codées sur les monographies textuelles ||||z 00|||
181 #0 - Zone de données codées : Forme de la ressource
Données de liaison entre champs 01
Forme du contenu selon l’ISBD sous forme codée i
Qualificatif(s) du contenu selon l’ISBD sous forme codée xxxe
181 ## - Zone de données codées : Forme de la ressource
Données de liaison entre champs 02
Autre référentiel utilisé pour coder la forme du contenu texte
Code du référentiel rdacontent
182 #0 - Zone de données codées : type de média
Données de liaison entre champs 01
Type de médiation selon l’ISBD sous forme codée sans média
182 ## - Zone de données codées : type de média
Données de liaison entre champs 02
Autre référentiel utilisé pour coder le type de médiation sans média
Code du référentiel rdamedia
214 #0 - Mentions de production, publication, diffusion et manufacture
Lieu de publication, production, distribution/diffusion, fabrication Besançon
214 #3 - Mentions de production, publication, diffusion et manufacture
Lieu de publication, production, distribution/diffusion, fabrication 37-Monts
215 ## - Description physique
Dimensions 18 cm
700 ## - Auteur principal
Eléments ajoutés aux noms autres que les dates Auteur du texte
801 #0 - Origine de la notice
Pays FR
Agence de catalogage FR-751131015
Date de la transaction 20260319
Règles de catalogage utilisées AFNOR
Identifiant d'origine FRBNF487334640000001
Code du format utilisé intermrc
856 #2 - Adresse électronique et mode d’accès
Uniform Resource Identifier 1193407
Numéro d'accès Première de couverture
856 #2 - Adresse électronique et mode d’accès
Uniform Resource Identifier 1193408
Numéro d'accès Quatrième de couverture
000 -Etiquette de la notice
Leader 02235nam a2200397 4500
003 - Identifiant de la notice
Identifiant http://catalogue.bnf.fr/ark:/12148/cb48733464g
005 - Identifiant de la version
Identifiant 20260326100614.0
073 #0 - EAN
Numéro normalisé 9782846818032
Holdings
Exclu du prêt Date de création Site actuel Code barre Date prix de remplacement Cote Date de restitution prévue Statut Site de rattachement Type de document Koha
  26.03.2026 Théâtre Joliette JOL-007741 26.03.2026 TH ANI 5 03.06.2026   Théâtre Joliette Livre